Zdokonaľovanie systému riadenia investičného procesu so zameraním na vedeckotechnický rozvoj správa k priebežnej oponentúre

Salvato in:
Dettagli Bibliografici
Natura: Libro
Lingua:slovacco
Pubblicazione: Bratislava Vysoká škola ekonomická 1982
Tags: Aggiungi Tag
Nessun Tag, puoi essere il primo ad aggiungerne!!

MARC

LEADER 00000nam a2200000 4500
001 c134772
005 20250708102035.3
041 0 |a slo 
044 |a SK 
245 1 0 |a Zdokonaľovanie systému riadenia investičného procesu so zameraním na vedeckotechnický rozvoj  |b správa k priebežnej oponentúre 
264 1 |a Bratislava  |b Vysoká škola ekonomická  |c 1982 
300 |a 101 s.